Violence in Roman Egypt : a study in legal interpretation /
محفوظ في:
المؤلف الرئيسي:
التنسيق: كتاب
اللغة: English
منشور في:
Philadelphia :
University of Pennsylvania Press,
c2013.
سلاسل:
Empire and after.
الموضوعات:
الوسوم: إضافة وسم
لا توجد وسوم, كن أول من يضع وسما على هذه التسجيلة!
رقم الطلب: KL3085 .B79 2013
| LEADER | 01669nam a22003257a 4500 | ||
|---|---|---|---|
| 003 | OSt | ||
| 005 | 20250827121016.0 | ||
| 008 | 270303s2013 paua g b 001 0 eng d | ||
| 010 | |a 2012041493 | ||
| 020 | |a 9780812245080 | ||
| 040 | |c ARCE Library | ||
| 043 | |a f-ua--- | ||
| 050 | 1 | 4 | |a KL3085 |b .B79 2013 |
| 100 | 1 | |a Bryen, Ari Z., |e author | |
| 245 | 1 | 0 | |a Violence in Roman Egypt : |b a study in legal interpretation / |c Ari Z. Bryen. |
| 264 | 1 | |a Philadelphia : |b University of Pennsylvania Press, |c c2013. | |
| 300 | |a 363 pages : |b illustrations ; |c 24 cm. | ||
| 490 | 0 | |a Empire and after. | |
| 500 | |a OCLC 819531659 | ||
| 504 | |a Includes bibliographical references (pages [327]-344) and index. | ||
| 505 | 0 | |a •Introduction: The Presentation of the Self in Everyday Life •Part I. The Texture of the Problem •Chapter 1. Ptolemaios Complains •Chapter 2. Violent Egypt •Chapter 3. Violence, Modern and Ancient •Part II. From the Language of Pain to the Language of Law •Chapter 4. Narrating Injury •Chapter 5. The Work of Law •Chapter 6. Fission and Fusion •Conclusion: Nomos and Its Narratives •Appendix A. The Papyrus on the Page •Appendix B. Translations of Petitions Concerning Violence •List of Papyri in Checklist Order | |
| 650 | 0 | |a Criminal procedure (Egyptian law) | |
| 650 | 0 | |a Criminal procedure (Roman law) | |
| 650 | 0 | |a Victims of crimes |x Legal status, laws, etc. |z Egypt |x History |y To 1500. |9 11859 | |
| 650 | 0 | |a Violence |z Egypt |x History |y To 1500. | |
| 650 | 0 | |a Violent crimes |z Egypt |x History |y To 1500. |9 11861 | |
| 651 | 0 | |a Egypt |x History |y 30 B.C.-640 A.D. | |
| 901 | |a reviewed | ||
| 942 | |c BK |2 lcc | ||
| 999 | |c 22152 |d 22152 | ||
